|
|
|
|
| LEADER |
01212nam a2200325 4500 |
| 001 |
DLU180184436 |
| 005 |
##20180416 |
| 020 |
# |
# |
|a 9786047867059
|
| 040 |
# |
# |
|a DLU
|b vie
|
| 041 |
# |
# |
|a vie
|
| 044 |
# |
# |
|a vn
|
| 082 |
# |
# |
|a 305.895 922
|b LU-T
|
| 100 |
# |
# |
|a Lương Văn Thiết.
|
| 245 |
# |
# |
|a Tri thức dân gian trong chăm sóc sức khỏe của người Thái ở huyện Con Cuông, tỉnh Nghệ An /
|c Lương Văn Thiết.
|
| 260 |
# |
# |
|a H. :
|b Mỹ thuật,
|c 2017.
|
| 300 |
# |
# |
|a 394 tr. :
|b minh họa màu ;
|c 21 cm.
|
| 504 |
# |
# |
|a Tài liệu tham khảo: tr. 379-388.
|
| 505 |
# |
# |
|a Chương I. Tổng quan nghiên cứu -- Chương II. Tri thức dân gian trong chăm sóc sức khỏe của người Thái ở Con Cuông -- Chương III. Tri thức dân gian trong chăm sóc sức khỏe của người Thái trong bối cảnh hiện nay.
|
| 650 |
# |
# |
|a Thái (Dân tộc Đông Nam Á)
|z Việt Nam
|z Nghệ An
|x Đời sống xã hội và tập quán.
|
| 923 |
# |
# |
|a 01/2018
|
| 991 |
# |
# |
|a SH
|
| 992 |
# |
# |
|a 16000
|
| 994 |
# |
# |
|a DLU
|
| 900 |
# |
# |
|a True
|
| 911 |
# |
# |
|a Nguyễn Thanh Hương
|
| 925 |
# |
# |
|a G
|
| 926 |
# |
# |
|a A
|
| 927 |
# |
# |
|a SH
|
| 980 |
# |
# |
|a Thư viện Trường Đại học Đà Lạt
|